000 00657cam a2200193 i 4500
005 20251231113548.0
008 250721s2003 sy gr 000 0 ara d
082 1 4 _a219
_bع ر ب
100 1 _aإبن عربي، محي الدين أبو بكر محمد بن علي
_eمؤلف.
245 1 0 _aحلية الأبدال /
250 _aالطبعة الاولى.
264 3 1 _aدمشق :
_bدار المحبة،
_c2003.
300 _a85صفحة.
650 1 7 _aالتصوف الإسلامي.
650 1 7 _aالفلسفة الإسلامية.
700 1 _aمارديني، عبد الرحيم
_eمحقق.
942 _2ddc
_cBK
999 _c87227
_d87227